zpět

Detail výsledku týmu

Klub Tyjátr, Svitavy

Datum a čas kvízu

22 Celkem bodů Celkový počet nahraných bodů na tomto kvízu bez doplňovacích otázek.
7. Pořadí na kvízu Konečné umístění týmu na tomto kvízu.

Zaznamenané odpovědi

# Otázka Odpověď Body Výsledky
1. Minulý týden jsme sledovali po... v Turecku 1
2. Britská Sněmovna lordů v pátek... C 0
3. V sobotu se na pražském Výstav... Mňága a Žďorp 0
4. Americký deník The New York Ti... bitcoin 0
5. Ze soboty na neděli se v Miami... Carlos Ulberg 0
6. Vaším prvním úkolem v dnešním... 1A 2D 3B 4C 0
7. Poznejte gangsterku dle stručn... Dannyho parťáci (Ocean's Eleven) 0
8. Italští herci Carlo Pedersoli... Bud Spencer a Terence Hill 1
9. Gangster, na kterého se ptáme,... Jabba Hutt 0
10. Uveďte jméno i příjmení postav... John Wick 0